Cuando las luces aparezcan /

Պահպանված է:
Մատենագիտական մանրամասներ
Հիմնական հեղինակ: Abad, Roberto (autor)
Ձևաչափ: Գիրք
Լեզու:իսպաներեն
Հրապարակվել է: Guadalajara, México : Paraíso Perdido, 2020, c2020
Շարք:(Arbol Adentro ; 10)
Խորագրեր:
Ցուցիչներ: Ավելացրեք ցուցիչ
Չկան պիտակներ, Եղեք առաջինը, ով նշում է այս գրառումը!

MARC

LEADER 00000nam^a2200000^a^4500
001 000449516
005 20250521000000.0
009 20260310123723.591
020 |a 978-607-8646-62-3 
037 |a Acervo ITESO - Biblioteca 
041 |a ESP 
082 |a 863.  |b ABA 
100 |a Abad, Roberto  |e (autor) 
245 1 0 |a Cuando las luces aparezcan /  |c R. Abad. 
264 4 |a Guadalajara, México :  |b Paraíso Perdido,  |c 2020, c2020 
300 |a 172 p. 
336 |a texto  |b txt  |2 rdacontenido 
337 |a sin mediación  |b n  |2 rdamedio 
338 |a volumen  |b nc  |2 rdasoporte 
440 1 |a (Arbol Adentro ;  |v 10) 
649 |a XX 
650 |a Robots en la Literatura 
650 |a Creencia y Duda en la Literatura 
650 |a Clonación en la Literatura 
650 |a Genética en la Literatura 
650 |a Abuso de Poder en la Literatura 
650 |a Cuentos Mexicanos 
650 |a Literatura Mexicana -  |y Siglo XXI 
910 |a Fondo General 
920 |a Impresos - Libros 
930 |a Colección General 
940 |a Literatura 
905 |a 101 
901 |a 0500368317  |b IT1  |c LIT  |i C179408  |u 20250521 
902 |a https://opac.biblio.iteso.mx/vufind/Record/000449516